000 01015nam a2200277 i 4500
001 bg
245 0 0 _aElementy automatyzacji we współczesnych procesach wytwarzania :
_bobróbka, mikroobróbka, montaż : praca zbiorowa /
_cpod red. Mieczysława Marciniaka ; [aut. rozdz. Jerzy Kozak et al.].
260 _aWarszawa :
_bOficyna Wydawnicza Politechniki Warszawskiej,
_c2007.
300 _a271 s. :
_bil. ;
_c24 cm.
504 _aBibliogr. przy rozdz.
650 9 _aRoboty i manipulatory przemysłowe
650 9 _aTechnologia
_xautomatyzacja
655 _aPodręczniki akademickie
700 1 _aMarciniak, Mieczysław.
_eRed.
700 1 _aKozak, Jerzy
_c(inżynier).
015 _aPB 16059/2007
020 _a9788372076502
040 _cBPK
041 _apol
044 _aPOL
080 _a62-52:681.5:007.5](075.8)
920 _a978-83-7207-650-2
942 _cKS
008 070427s2007 pl a |000 0 pol
999 _c54416
_d54416
856 _uhttp://koha.tu.koszalin.pl/cgi-bin/koha/opac-detail.pl?biblionumber=54416
_yKatalog online BPK